Normal view
MARC view
- Heslop, G.
Entry Personal Name
001 - CONTROL NUMBER
- control field: 43050
003 - CONTROL NUMBER IDENTIFIER
- control field: OSt
005 - DATE AND TIME OF LATEST TRANSACTION
- control field: 20210407100659.0
008 - FIXED-LENGTH DATA ELEMENTS
- fixed length control field: 210407|| aca||aabn | a|a d
040 ## - CATALOGING SOURCE
- Original cataloging agency: OSt
- Transcribing agency: OSt
100 ## - HEADING--PERSONAL NAME
- Personal name: Heslop, G.
- Relator term: Author.
670 ## - SOURCE DATA FOUND
- Source citation: Work cat.: (OSt): Kapp, Linda A. 43049, Protecting small businesses from fraud: , ©2011.
